Normal view
MARC view
Entry Uniform Title
001 - CONTROL NUMBER
- control field: 37391
003 - CONTROL NUMBER IDENTIFIER
- control field: dpl
005 - DATE AND TIME OF LATEST TRANSACTION
- control field: 20111222112015.0
008 - FIXED-LENGTH DATA ELEMENTS
- fixed length control field: 111222|||a|||||| | ||| d
040 ## - CATALOGING SOURCE
- Original cataloging agency: dpl
- Transcribing agency: dpl
130 ## - HEADING--UNIFORM TITLE
- Uniform title: कबीर के आलोचक-3
670 ## - SOURCE DATA FOUND
- Source citation: Work cat.: (dpl)57780: धर्मवीर 37390, सूत न कपास /, 2003
670 ## - SOURCE DATA FOUND
- Source citation: Work cat.: (dpl)57780: धर्मवीर 37390, सूत न कपास /, 2003
